[Event "GCT 2025 - Superbet Chess Classic"]
[Site "Bucarest"]
[Date "11.05.2025"]
[Round "5"]
[White "Aronian, Levon"]
[Black "Firouzja, Alireza"]
[Result "1/2-1/2"]
[WhiteTitle "GM"]
[BlackTitle "GM"]
[WhiteElo "2747"]
[BlackElo "2757"]
[WhiteFideId "13300474"]
[BlackFideId "12573981"]
[EventDate "2025.05.07"]

1. e4 c5 2. Nc3 e6 3. Nf3 Nc6 4. d4 cxd4 5. Nxd4 Qc7 6. g3 a6 7. Bg2 Bc5 8. Nxc6
dxc6 9. e5 Qxe5+ 10. Ne4 Nf6 11. Bf4 Qxb2 12. Rb1 Qd4 13. Nxc5 Qxc5 14. O-O Nd5
15. Be5 O-O 16. Bd4 Qc4 17. Qd2 f6 18. f4 c5 19. Bf2 Bd7 20. Rxb7 Bc6 21. Rb3
Rfd8 22. Re1 Nb4 23. Qc3 Qxc3 24. Rxc3 Bxg2 25. Kxg2 Rd2 26. Rxc5 Re8 27. Kf3
Nxc2 28. Re2 Nd4+ 29. Bxd4 Rxd4 30. Rc6 Ra4 31. Rcxe6 Rxe6 32. Rxe6 Rxa2 33. f5
h5 34. h4 a5 35. Ra6 a4 36. Ra8+ Kh7 37. Ke3 a3 38. Kf3 Ra1 39. Kg2 Ra2+ 40. Kf3
Ra1 41. Kg2 g5 42. hxg5 fxg5 43. Ra7+ Kh6 44. f6 Ra2+ 45. Kg1 Kg6 46. f7 Kg7 47.
Kh1 h4 48. gxh4 gxh4 49. Kg1 h3 50. Kh1 Kf8 51. Ra4 Kxf7 52. Rf4+ Ke6 53. Rf3
Kd5 54. Rxh3 Kc4 55. Rf3 Ra1+ 56. Kh2 Rc1 57. Rxa3 Rc3 58. Rxc3+ Kxc3 1/2-1/2

[Event "GCT 2025 - Superbet Chess Classic"]
[Site "Bucarest"]
[Date "11.05.2025"]
[Round "5"]
[White "Praggnanandhaa, Rameshbabu"]
[Black "Vachier-Lagrave, Maxime"]
[Result "1/2-1/2"]
[WhiteTitle "GM"]
[BlackTitle "GM"]
[WhiteElo "2758"]
[BlackElo "2723"]
[WhiteFideId "25059530"]
[BlackFideId "623539"]
[EventDate "2025.05.07"]

1. e4 c5 2. Nf3 d6 3. d4 cxd4 4. Nxd4 Nf6 5. Nc3 a6 6. Bc4 e6 7. a3 Be7 8. Be3
O-O 9. Qe2 b5 10. Ba2 Bb7 11. O-O-O Nbd7 12. f3 Rc8 13. Qe1 Ne5 14. h4 Nfd7 15.
Kb1 Nc4 16. Bc1 Bf6 17. Bg5 Bxg5 18. hxg5 Qxg5 19. g4 Nf6 20. Nde2 Rfd8 21. Bxc4
Rxc4 22. Qf2 Rd7 23. Qh2 e5 24. Rd3 h6 25. Ng3 g6 26. Qxh6 Qxh6 27. Rxh6 Nh7 28.
Kc1 Ng5 29. Rh1 Kg7 30. Nge2 Rc8 31. Kd2 Kf6 32. Ke3 Ke7 33. Rd2 Ne6 34. Nc1
Rdc7 35. Rhd1 Rxc3+ 36. bxc3 Rxc3+ 37. Rd3 Rxc2 38. Rxd6 Nd4 39. Rb6 Bc8 40. g5
Be6 41. Rxa6 Rc3+ 42. Kd2 Rc2+ 43. Ke3 Rc3+ 44. Kd2 Rc2+ 45. Ke3 Rc3+ 1/2-1/2

[Event "GCT 2025 - Superbet Chess Classic"]
[Site "Bucarest"]
[Date "11.05.2025"]
[Round "5"]
[White "Gukesh, Dommaraju"]
[Black "Duda, Jan-Krzysztof"]
[Result "1/2-1/2"]
[WhiteTitle "GM"]
[BlackTitle "GM"]
[WhiteElo "2787"]
[BlackElo "2739"]
[WhiteFideId "46616543"]
[BlackFideId "1170546"]
[EventDate "2025.05.07"]

1. d4 d5 2. c4 e6 3. Nc3 Be7 4. Nf3 Nf6 5. Bf4 O-O 6. e3 b6 7. Rc1 c5 8. dxc5
bxc5 9. Bd3 Nc6 10. O-O Ba6 11. cxd5 Bxd3 12. Qxd3 Nxd5 13. Nxd5 Qxd5 14. Qb1 e5
15. Bg3 Qe6 16. h4 f6 17. h5 Rfd8 18. Rfd1 Rxd1+ 19. Rxd1 e4 20. Nd2 Rd8 21. Nf1
Nb4 22. Rxd8+ Bxd8 23. Qd1 Bb6 24. Nd2 Nxa2 25. h6 gxh6 26. Qh5 f5 27. Nc4 Qf7
28. Qxh6 Qxc4 29. Qg5+ Kf7 30. Qxf5+ Ke7 31. Qxh7+ Kd8 32. Bh4+ Kc8 33. g4 Qe6
34. g5 Qg4+ 35. Bg3 Qxg5 36. Qh3+ Kd8 37. Qh8+ Kd7 38. Qh3+ Kd8 39. Qh8+ Kd7 40.
Qh3+ Ke7 41. Qh7+ Kf6 42. Qh8+ Ke6 43. Qc8+ Kf7 44. Qd7+ Qe7 45. Qf5+ Qf6 46.
Qd7+ Qe7 47. Qf5+ Qf6 48. Qd7+ Qe7 49. Qf5+ 1/2-1/2

[Event "GCT 2025 - Superbet Chess Classic"]
[Site "Bucarest"]
[Date "11.05.2025"]
[Round "5"]
[White "Abdusattorov, Nodirbek"]
[Black "Deac, Bogdan-Daniel"]
[Result "1/2-1/2"]
[WhiteTitle "GM"]
[BlackTitle "GM"]
[WhiteElo "2771"]
[BlackElo "2668"]
[WhiteFideId "14204118"]
[BlackFideId "1226380"]
[EventDate "2025.05.07"]

1. c4 e5 2. g3 Nf6 3. Bg2 c6 4. d4 Bb4+ 5. Bd2 Bxd2+ 6. Qxd2 d6 7. Nc3 O-O 8. e3
Be6 9. Rd1 Na6 10. b3 exd4 11. Qxd4 Qa5 12. Qd2 Nc7 13. Nge2 d5 14. cxd5 Ncxd5
15. Na4 Nb4 16. O-O Rad8 17. Qc3 Rxd1 18. Rxd1 Qh5 19. Rd2 Nbd5 20. Qd4 Bg4 21.
Nac3 c5 22. Qc4 Nxc3 23. Nxc3 b6 24. Qf4 h6 25. Nd5 Nxd5 26. Rxd5 g5 27. Qa4 Be6
28. Rd2 Qg6 29. Be4 b5 30. Bxg6 bxa4 31. Bc2 axb3 32. axb3 Rb8 33. Rd3 Rb4 34.
Kf1 c4 35. Rd8+ Kg7 36. bxc4 Rxc4 37. Bd1 a5 38. Ke2 Rc1 39. Rd4 Ra1 40. e4 g4
41. Ke3 Ra2 42. e5 h5 43. Ra4 Rxa4 44. Bxa4 f6 45. exf6+ Kxf6 46. f4 gxf3 47.
Kxf3 Ke5 48. Ke3 Bg4 49. Be8 Bd1 50. Kd2 Bg4 51. h3 Bxh3 52. Bxh5 a4 53. Kc3 Kf5
54. Kb4 Kg5 55. g4 Bxg4 56. Bxg4 Kxg4 57. Kxa4 1/2-1/2

[Event "GCT 2025 - Superbet Chess Classic"]
[Site "Bucarest"]
[Date "11.05.2025"]
[Round "5"]
[White "So, Wesley"]
[Black "Caruana, Fabiano"]
[Result "1/2-1/2"]
[WhiteTitle "GM"]
[BlackTitle "GM"]
[WhiteElo "2751"]
[BlackElo "2776"]
[WhiteFideId "5202213"]
[BlackFideId "2020009"]
[EventDate "2025.05.07"]

1. e4 c5 2. Nf3 e6 3. d4 cxd4 4. Nxd4 Nf6 5. Nc3 Nc6 6. Ndb5 d6 7. Bf4 e5 8. Bg5
a6 9. Na3 b5 10. Bxf6 gxf6 11. Nd5 f5 12. c3 Bg7 13. exf5 Bxf5 14. Nc2 O-O 15.
Nce3 Be6 16. Bd3 f5 17. Qh5 e4 18. Bc2 Ne5 19. Rd1 Ng6 20. g4 f4 21. Nf5 Bxf5
22. gxf5 Qh4 23. Ne7+ Qxe7 24. fxg6 h6 25. Qd5+ Kh8 26. Qxe4 Qf6 27. O-O f3 28.
Qg4 Rae8 29. Rde1 Re5 30. Kh1 Qf4 31. Qxf4 Rxf4 32. Re3 Bf6 33. Bd1 Kg7 34. Rxf3
Rxf3 35. Bxf3 Kxg6 36. Rd1 Be7 37. Kg2 a5 38. a3 Kf6 39. Rd4 Rg5+ 40. Kf1 Rc5
41. h3 Ke6 42. Bg4+ Kf7 43. Rd3 Bg5 44. b4 Rc7 45. Rxd6 Rxc3 46. bxa5 Rxa3 47.
a6 b4 48. Rb6 Be7 49. Be2 Bc5 50. Bc4+ Ke7 51. Rxh6 b3 52. Rh7+ Kd6 53. Rb7 Ra4
54. Bxb3 Rxa6 55. h4 Rb6 56. Rxb6+ Bxb6 57. h5 Ke7 58. h6 Kf6 59. h7 Kg7 60. Bc2
Bxf2 61. Kxf2 Kh8 62. Kf3 Kg7 63. Kf2 Kh8 64. Kf3 Kg7 1/2-1/2

[Event "GCT 2025 - Superbet Chess Classic"]
[Site "Bucarest"]
[Date "13.05.2025"]
[Round "6"]
[White "Duda, Jan-Krzysztof"]
[Black "Praggnanandhaa, Rameshbabu"]
[Result "1/2-1/2"]
[WhiteTitle "GM"]
[BlackTitle "GM"]
[WhiteElo "2739"]
[BlackElo "2758"]
[WhiteFideId "1170546"]
[BlackFideId "25059530"]
[EventDate "2025.05.07"]

1. c4 Nf6 2. Nc3 c5 3. Nf3 Nc6 4. g3 d5 5. cxd5 Nxd5 6. Bg2 Nc7 7. a3 g6 8. h4
h6 9. d3 Bg7 10. Be3 Nd4 11. Rc1 Be6 12. b4 Nb3 13. Rc2 cxb4 14. axb4 a5 15.
bxa5 Rxa5 16. O-O Ra1 17. Qxa1 Nxa1 18. Rxa1 O-O 19. Rb1 Nd5 20. Nxd5 Bxd5 21.
Rc5 Bc6 22. Ne5 Bxg2 23. Kxg2 Qa8 24. Nf3 Qa2 25. Rxb7 Qxe2 26. Rxe7 Qxd3 27.
Rcc7 Qf5 28. Rc5 Qg4 29. Rcc7 Qf5 30. Rc5 Qf6 31. Rcc7 Qf5 32. Rc5 1/2-1/2

[Event "GCT 2025 - Superbet Chess Classic"]
[Site "Bucarest"]
[Date "13.05.2025"]
[Round "6"]
[White "Firouzja, Alireza"]
[Black "Gukesh, Dommaraju"]
[Result "1-0"]
[WhiteTitle "GM"]
[BlackTitle "GM"]
[WhiteElo "2757"]
[BlackElo "2787"]
[WhiteFideId "12573981"]
[BlackFideId "46616543"]
[EventDate "2025.05.07"]

1. e4 e5 2. Nf3 Nc6 3. Bc4 Bc5 4. c3 Nf6 5. d3 a6 6. Bg5 d6 7. Nbd2 Ba7 8. a4
Ne7 9. Bxf6 gxf6 10. O-O Ng6 11. d4 h5 12. Re1 Nf4 13. Nf1 c6 14. Ne3 d5 15.
exd5 cxd5 16. Bf1 e4 17. Nh4 Be6 18. c4 Kf8 19. Qb3 Qd7 20. cxd5 Nxd5 21. Bc4
Nf4 22. Qa3+ Kg8 23. Nef5 Bb8 24. Qg3+ Ng6 25. Bxe6 Qxe6 26. Qe3 Ba7 27. Qxe4
Nxh4 28. Ne7+ Kg7 29. Qxh4 Qg4 30. Qxg4+ hxg4 31. Re4 Kf8 32. Rae1 Rd8 33. Rxg4
Bxd4 34. Nf5 Bxb2 35. Rge4 Bc3 36. Rb1 b5 37. axb5 axb5 38. h4 b4 39. g4 Kg8 40.
Re7 Rd5 41. Kg2 Rxf5 42. Re8+ Kg7 43. Rxh8 Rxf2+ 44. Kxf2 Kxh8 45. Ke3 Kg7 46.
Kd3 f5 47. gxf5 Kh6 48. Ke3 Kh5 49. Kf4 Kh6 50. Kg4 Kg7 51. h5 Kh6 52. f6 Bxf6
53. Rxb4 Bg5 54. Rb7 f6 55. Rf7 Bd2 56. Rxf6+ Kg7 57. Rd6 Bc1 58. Kf5 Be3 59.
Rg6+ Kh7 60. h6 Bc1 61. Rg7+ Kxh6 62. Rg6+ Kh7 63. Kf6 Be3 64. Kf7 Ba7 65. Ra6
Bb8 66. Rb6 Bc7 67. Rb7 Bf4 68. Rb4 Bg5 69. Rb1 1-0

[Event "GCT 2025 - Superbet Chess Classic"]
[Site "Bucarest"]
[Date "13.05.2025"]
[Round "6"]
[White "Caruana, Fabiano"]
[Black "Deac, Bogdan-Daniel"]
[Result "1/2-1/2"]
[WhiteTitle "GM"]
[BlackTitle "GM"]
[WhiteElo "2776"]
[BlackElo "2668"]
[WhiteFideId "2020009"]
[BlackFideId "1226380"]
[EventDate "2025.05.07"]

1. e4 e5 2. Nc3 Nf6 3. d4 exd4 4. Qxd4 Nc6 5. Qa4 Bc5 6. Nf3 d6 7. Bg5 h6 8. Bh4
g5 9. Bg3 Bd7 10. O-O-O O-O 11. Qc4 Be6 12. Qe2 Re8 13. Qd2 Bb4 14. Bd3 d5 15.
Nxg5 d4 16. Nxe6 Rxe6 17. Qxh6 dxc3 18. Qg5+ Kf8 19. Bc4 Qe7 20. f3 Bd6 21. Bxe6
cxb2+ 22. Kb1 Qxe6 23. Qb5 Be7 24. Qb3 Na5 25. Qxe6 fxe6 26. Kxb2 Nc4+ 27. Kb3
Na5+ 28. Kc3 b5 29. Rb1 a6 30. Rhd1 Nc4 31. Kd3 Rc8 32. Ke2 Kf7 33. Bf2 Rh8 34.
h4 Bd6 35. g4 e5 36. h5 Nh7 37. a4 b4 38. c3 bxc3 39. Rdc1 c2 40. Rxc2 Na3 41.
Rxc7+ Bxc7 42. Rb7 Rc8 43. Bb6 Nc4 44. Bxc7 Kf6 45. Kd3 Nb2+ 46. Rxb2 Rxc7 47.
Rb6+ Kg5 48. Rxa6 Kf4 49. a5 Kxf3 50. Rg6 Kf4 51. h6 Rd7+ 52. Kc4 Ng5 53. a6
Nxe4 54. Rg7 Rd4+ 55. Kb5 Rd5+ 56. Kb4 Rd4+ 57. Ka3 Rd3+ 58. Kb2 Ng5 59. h7 Nxh7
60. Rxh7 Kxg4 61. a7 Rd8 62. Kc3 Kf3 63. Rd7 Rc8+ 64. Kd3 e4+ 65. Kd4 e3 66. Kd3
Kf4 67. Rf7+ Ke5 68. Kxe3 Ra8 69. Rh7 Kd5 70. Rg7 Kc5 71. Rh7 Kb6 72. Rg7 Rxa7
73. Rxa7 Kxa7 74. Ke4 1/2-1/2

[Event "GCT 2025 - Superbet Chess Classic"]
[Site "Bucarest"]
[Date "14.05.2025"]
[Round "7"]
[White "Praggnanandhaa, Rameshbabu"]
[Black "Firouzja, Alireza"]
[Result "1/2-1/2"]
[WhiteTitle "GM"]
[BlackTitle "GM"]
[WhiteElo "2758"]
[BlackElo "2757"]
[WhiteFideId "25059530"]
[BlackFideId "12573981"]
[EventDate "2025.05.07"]

1. c4 c5 2. Nf3 Nc6 3. Nc3 Nf6 4. d4 cxd4 5. Nxd4 e6 6. g3 Bc5 7. Nb3 Bb4 8. Bg2
d5 9. cxd5 exd5 10. O-O Bxc3 11. bxc3 O-O 12. Qc2 h6 13. c4 dxc4 14. Qxc4 Be6
15. Qa4 Re8 16. Bb2 Nd7 17. Qf4 Bxb3 18. axb3 Qg5 19. Qc4 Nb6 20. Qc2 Nb4 21.
Qc3 N6d5 22. Qf3 Qd2 23. Bc1 Qxe2 24. Qxe2 Rxe2 25. Ra5 Nc3 26. Bxb7 Rb8 27. Bf3
Ra2 28. Rc5 Ne2+ 29. Bxe2 Rxe2 30. Rd1 Rc2 31. Be3 Rxc5 32. Bxc5 Na6 33. Bxa7
Rxb3 34. Rd8+ Kh7 35. Rd6 Nb8 36. Bxb8 Rxb8 37. Rd7 Kg8 38. Rd6 Kh7 39. Rd7 Kg8
40. Rd6 Kh7 1/2-1/2

[Event "GCT 2025 - Superbet Chess Classic"]
[Site "Bucarest"]
[Date "14.05.2025"]
[Round "7"]
[White "Abdusattorov, Nodirbek"]
[Black "Duda, Jan-Krzysztof"]
[Result "1-0"]
[WhiteTitle "GM"]
[BlackTitle "GM"]
[WhiteElo "2771"]
[BlackElo "2739"]
[WhiteFideId "14204118"]
[BlackFideId "1170546"]
[EventDate "2025.05.07"]

1. d4 d5 2. Nf3 Nf6 3. e3 e6 4. Bd3 c5 5. b3 cxd4 6. exd4 b6 7. O-O Be7 8. Qe2
O-O 9. Bb2 a5 10. a4 Ba6 11. Bb5 Qc8 12. c4 Ra7 13. Nc3 Rc7 14. Ne5 Bb7 15. Rad1
Rd8 16. Rd3 Na6 17. Rfd1 Nb4 18. Rg3 dxc4 19. bxc4 Rd6 20. h4 Qf8 21. h5 h6 22.
Bc1 Kh8 23. Bf4 Rc8 24. Re3 Na6 25. d5 Nc5 26. Re1 Rdd8 27. Bc6 Ba6 28. Qf3 Kg8
29. Nb5 Bxb5 30. Bxb5 Bd6 31. Bxh6 Bxe5 32. Rxe5 gxh6 33. Qxf6 Rd6 34. R1e3 Rcd8
35. Rg3+ Kh7 36. Kh2 exd5 37. Qf5+ Kh8 38. cxd5 Nd7 39. Bd3 Nf6 40. Qf4 R8d7 41.
Rf5 Nh7 42. Bb5 Ra7 43. Re3 Rd8 44. Rfe5 Qd6 45. Re8+ Kg7 46. Rg3+ Ng5 47. Qd4+
f6 48. Rxd8 Qxd8 49. f4 1-0

[Event "GCT 2025 - Superbet Chess Classic"]
[Site "Bucarest"]
[Date "14.05.2025"]
[Round "7"]
[White "Aronian, Levon"]
[Black "Caruana, Fabiano"]
[Result "1/2-1/2"]
[WhiteTitle "GM"]
[BlackTitle "GM"]
[WhiteElo "2747"]
[BlackElo "2776"]
[WhiteFideId "13300474"]
[BlackFideId "2020009"]
[EventDate "2025.05.07"]

1. d4 d5 2. c4 e6 3. Nf3 Nf6 4. Nc3 Bb4 5. Bg5 dxc4 6. e4 c5 7. Bxc4 cxd4 8.
Nxd4 Qa5 9. Bxf6 Bxc3+ 10. bxc3 Qxc3+ 11. Kf1 gxf6 12. Rc1 Qa5 13. Bb5+ Ke7 14.
e5 fxe5 15. Qh5 Nd7 16. Qg5+ Kf8 17. Rxc8+ Rxc8 18. Bxd7 Qd8 19. Nxe6+ fxe6 20.
Qh6+ Kf7 21. Qxe6+ Kf8 22. Qh6+ Kf7 23. Qe6+ Kf8 24. Qf5+ Ke7 25. Qe6+ Kf8 1/2-1/2

[Event "GCT 2025 - Superbet Chess Classic"]
[Site "Bucarest"]
[Date "14.05.2025"]
[Round "7"]
[White "Gukesh, Dommaraju"]
[Black "So, Wesley"]
[Result "1/2-1/2"]
[WhiteTitle "GM"]
[BlackTitle "GM"]
[WhiteElo "2787"]
[BlackElo "2751"]
[WhiteFideId "46616543"]
[BlackFideId "5202213"]
[EventDate "2025.05.07"]

1. e4 e5 2. Nf3 Nc6 3. Bb5 Nf6 4. d3 Bc5 5. Ba4 O-O 6. h3 d5 7. exd5 Qxd5 8. Nc3
Qd6 9. O-O Nd4 10. Re1 Nxf3+ 11. Qxf3 c6 12. Bb3 Bd7 13. Bg5 Rae8 14. Rad1 Bc8
15. Ne2 h6 16. Bh4 Bb6 17. Bg3 Nh7 18. Nc3 Kh8 19. Qh5 f5 20. d4 Nf6 21. Qg6 f4
22. Bh4 exd4 23. Bxf6 Rxe1+ 24. Rxe1 Qxf6 25. Re8 Bc5 26. Qxf6 gxf6 27. Rxf8+
Bxf8 28. Ne2 c5 29. Nxf4 Bd6 30. Be6 Bxe6 31. Nxe6 Kg8 32. g4 b6 33. Kg2 Kf7 34.
Nd8+ Ke8 35. Ne6 Kf7 36. Nd8+ Ke8 37. Ne6 Kf7 1/2-1/2

[Event "GCT 2025 - Superbet Chess Classic"]
[Site "Bucarest"]
[Date "14.05.2025"]
[Round "7"]
[White "Deac, Bogdan-Daniel"]
[Black "Vachier-Lagrave, Maxime"]
[Result "1/2-1/2"]
[WhiteTitle "GM"]
[BlackTitle "GM"]
[WhiteElo "2668"]
[BlackElo "2723"]
[WhiteFideId "1226380"]
[BlackFideId "623539"]
[EventDate "2025.05.07"]

1. Nf3 c5 2. c4 Nc6 3. Nc3 Nf6 4. e3 e6 5. d4 d5 6. cxd5 exd5 7. Bb5 cxd4 8.
exd4 Bd6 9. O-O O-O 10. Bg5 Bg4 11. Be2 Re8 12. h3 Bxf3 13. Bxf3 h6 14. Bh4 g5
15. Bg3 Bxg3 16. fxg3 Qd6 17. Qd3 Re6 18. Rad1 Kg7 19. g4 Rd8 20. Qd2 Ne7 21.
Qf2 Ng6 22. g3 Rd7 23. Bg2 Rde7 24. Nb5 Qb6 25. Nc3 Qd6 26. Nb5 Qb6 27. Nc3 Qd6 1/2-1/2

[Event "GCT 2025 - Superbet Chess Classic"]
[Site "Bucarest"]
[Date "15.05.2025"]
[Round "8"]
[White "Aronian, Levon"]
[Black "Gukesh, Dommaraju"]
[Result "0-1"]
[WhiteTitle "GM"]
[BlackTitle "GM"]
[WhiteElo "2747"]
[BlackElo "2787"]
[WhiteFideId "13300474"]
[BlackFideId "46616543"]
[EventDate "2025.05.07"]

1. e4 e5 2. Nf3 Nc6 3. Bb5 a6 4. Ba4 Nf6 5. O-O Be7 6. Bxc6 dxc6 7. Re1 Qd6 8.
d4 Bg4 9. Nbd2 Qxd4 10. Nxd4 Bxd1 11. Nxc6 Bxc2 12. Nxe7 Kxe7 13. b3 Bd3 14.
Ba3+ Ke6 15. Rac1 Rac8 16. f4 exf4 17. e5 Ng4 18. Nf3 h6 19. Nd4+ Kd5 20. e6 Ne3
21. exf7 Kxd4 22. Bb2+ Kd5 23. Bxg7 c5 24. Red1 Ke4 25. Rd2 Rhf8 26. Bxf8 Rxf8
27. Rxc5 Rxf7 28. a4 Bf1 29. Rc8 Bxg2 30. Re8+ Kf5 31. Rxg2 Nxg2 32. Kxg2 Rc7
33. Rf8+ Ke4 34. Rf6 Rc6 35. Rf7 Rb6 36. Re7+ Kf5 37. Rf7+ Ke4 38. Re7+ Kf5 39.
Rf7+ Kg5 40. h4+ Kg4 41. Rg7+ Kxh4 42. Kf3 Rxb3+ 43. Kxf4 h5 44. a5 Kh3 0-1

[Event "GCT 2025 - Superbet Chess Classic"]
[Site "Bucarest"]
[Date "15.05.2025"]
[Round "8"]
[White "Duda, Jan-Krzysztof"]
[Black "Deac, Bogdan-Daniel"]
[Result "1/2-1/2"]
[WhiteTitle "GM"]
[BlackTitle "GM"]
[WhiteElo "2739"]
[BlackElo "2668"]
[WhiteFideId "1170546"]
[BlackFideId "1226380"]
[EventDate "2025.05.07"]

1. e4 e5 2. Nf3 Nc6 3. Nc3 Nf6 4. d4 exd4 5. Nxd4 Bb4 6. Nxc6 bxc6 7. Bd3 O-O 8.
O-O d5 9. exd5 cxd5 10. h3 Rb8 11. Qf3 Rb6 12. a3 Be7 13. b4 Bb7 14. Re1 d4 15.
Ne4 Nxe4 16. Bxe4 Re6 17. Bb2 Rxe4 18. Rxe4 c5 19. bxc5 Bxc5 20. Qf5 Bxe4 21.
Qxc5 Qb6 22. Qxb6 axb6 23. Bxd4 b5 24. Rb1 Bc6 25. Rb3 f6 26. Rc3 Rc8 27. Rc5
Bd7 28. Rd5 Be8 29. c3 h6 30. Rd6 Ra8 31. Bc5 Bf7 32. Rd7 Rc8 33. Bd4 Ra8 34.
Bc5 Rc8 35. Bb4 Bc4 36. Kh2 Bb3 37. Kg3 Bc4 38. Kh4 Bf1 39. g4 Bc4 40. Kg3 Be6
41. Rb7 Bc4 42. Rd7 Be6 43. Rd6 Bc4 44. Ra6 Rd8 45. Rd6 Rxd6 46. Bxd6 Kf7 47. h4
Be2 48. f3 Bd1 49. Kf2 Ke6 50. Bf8 Kf7 51. Bd6 Ke6 52. Bf8 Kf7 53. Bd6 1/2-1/2

[Event "GCT 2025 - Superbet Chess Classic"]
[Site "Bucarest"]
[Date "15.05.2025"]
[Round "8"]
[White "Firouzja, Alireza"]
[Black "Abdusattorov, Nodirbek"]
[Result "1/2-1/2"]
[WhiteTitle "GM"]
[BlackTitle "GM"]
[WhiteElo "2757"]
[BlackElo "2771"]
[WhiteFideId "12573981"]
[BlackFideId "14204118"]
[EventDate "2025.05.07"]

1. e4 c5 2. Nf3 g6 3. d4 cxd4 4. Nxd4 Nc6 5. c4 Bg7 6. Be3 Qb6 7. Nb3 Qd8 8. Nd4
Qb6 9. Nb5 Qa5+ 10. N5c3 d6 11. Be2 Nh6 12. Nd2 f5 13. Nb3 Qd8 14. Qd2 Ng4 15.
Bxg4 fxg4 16. Bh6 O-O 17. Bxg7 Kxg7 18. Nd5 Ne5 19. Qc3 b6 20. Nd4 e6 21. Ne3
Qf6 22. O-O-O Ba6 23. a4 Kg8 24. b3 Bb7 25. Nb5 Bxe4 26. Nxd6 Bd3 27. Rd2 Rad8
28. Nb5 a6 29. Na3 Be4 30. Rhd1 Rc8 31. Kb2 Rc7 32. Ka2 Bc6 33. Qd4 Rb7 34. Nac2
h5 35. Nb4 a5 36. Nxc6 Nxc6 37. Qe4 Nb4+ 38. Ka3 Rbf7 39. Nc2 Na6 40. Qe3 Nc5
41. Ne1 Qe7 42. Ka2 Qh4 43. f4 gxf3 44. Nxf3 Qf4 45. Re1 Qxe3 46. Rxe3 Rf5 47.
h4 Rf4 48. Ka3 Rb8 49. Rd6 Rg4 50. Re2 Kg7 51. Rc6 Rb7 52. b4 axb4+ 53. Kxb4
Na6+ 54. Kc3 Nc5 55. a5 Kh6 56. Ne5 Rg3+ 57. Kc2 Ra7 58. axb6 Ra2+ 59. Kd1 Ra1+
60. Kc2 Ra2+ 61. Kd1 Ra1+ 62. Kc2 Ra2+ 63. Kd1 Ra1+ 1/2-1/2

[Event "GCT 2025 - Superbet Chess Classic"]
[Site "Bucarest"]
[Date "15.05.2025"]
[Round "8"]
[White "Caruana, Fabiano"]
[Black "Vachier-Lagrave, Maxime"]
[Result "1/2-1/2"]
[WhiteTitle "GM"]
[BlackTitle "GM"]
[WhiteElo "2776"]
[BlackElo "2723"]
[WhiteFideId "2020009"]
[BlackFideId "623539"]
[EventDate "2025.05.07"]

1. c4 g6 2. e4 e5 3. Nf3 Bg7 4. d4 exd4 5. Nxd4 Nf6 6. Nc3 O-O 7. Be3 c6 8. e5
Ne8 9. h4 d6 10. e6 fxe6 11. h5 Nf6 12. hxg6 hxg6 13. Bd3 e5 14. Nf3 Bf5 15. Nh4
e4 16. Be2 Qd7 17. Nxf5 gxf5 18. Qd2 Na6 19. O-O-O Rad8 20. Rh3 Nc5 21. Rdh1 Kf7
22. Bd4 Qe7 23. Bxc5 dxc5 24. Qf4 Qe6 25. Kb1 Rh8 26. Rxh8 Rxh8 27. Rxh8 Bxh8
28. Nd1 Nd7 29. Ne3 Qe5 30. Qxf5+ Qxf5 31. Nxf5 Be5 32. Kc2 Nf6 33. f3 exf3 34.
Bxf3 Kg6 35. Ne3 Ne8 36. b3 Nd6 37. Kd3 Kg5 38. Bg4 Kf4 39. Bh3 Bd4 40. Nf1 Bf2
41. Ke2 Bh4 42. Nd2 Ne4 43. Nxe4 Kxe4 44. Kd2 Bg5+ 45. Kc2 b5 46. Bd7 b4 47. Bh3
Ke3 48. Bd7 Ke4 49. Bh3 Ke3 50. Bd7 Ke4 1/2-1/2

[Event "GCT 2025 - Superbet Chess Classic"]
[Site "Bucarest"]
[Date "16.05.2025"]
[Round "9"]
[White "Abdusattorov, Nodirbek"]
[Black "So, Wesley"]
[Result "1/2-1/2"]
[WhiteTitle "GM"]
[BlackTitle "GM"]
[WhiteElo "2771"]
[BlackElo "2751"]
[WhiteFideId "14204118"]
[BlackFideId "5202213"]
[EventDate "2025.05.07"]

1. c4 c5 2. g3 g6 3. Bg2 Bg7 4. Nc3 Nc6 5. Nf3 e6 6. d4 cxd4 7. Nb5 d5 8. cxd5
exd5 9. Nfxd4 Nge7 10. O-O O-O 11. Be3 Nf5 12. Nxf5 Bxf5 13. Qd2 d4 14. Bf4 d3
15. e4 Bg4 16. Nc3 Nd4 17. f3 Be6 18. Qxd3 Rc8 19. Rf2 b5 20. e5 Bc4 21. Qe3 Qb6
22. Rd1 Rcd8 23. Rdd2 Ne6 24. Qxb6 axb6 25. Bf1 Nxf4 26. gxf4 Be6 27. Kg2 b4 28.
Ne4 Bxa2 29. Kg3 Be6 30. h4 Bh6 31. Bb5 Kg7 32. Bc6 Kh8 33. Nf6 Bg7 34. Nd7 Bxd7
35. Bxd7 Ra8 36. Bb5 Ra5 37. Bc4 Rc5 38. Bb3 Rc7 39. Rd6 f6 40. Re2 Re7 41. e6
f5 42. Rxb6 Rd8 43. Rxb4 Bf8 44. Rb6 Kg7 45. h5 Ra7 46. Rh2 Be7 47. hxg6 hxg6
48. Rc6 Rb7 49. Bc4 Rd4 50. Re2 Kf6 51. b3 Ra7 52. Ba6 Rd6 53. Rxd6 Bxd6 54. Bc4
g5 55. Kg2 Bxf4 56. b4 Rh7 57. Re1 Bd2 58. e7 Rxe7 59. Rxe7 Kxe7 60. b5 g4 61.
fxg4 fxg4 62. Kg3 Kd6 63. b6 Bf4+ 64. Kxf4 Kc6 65. Kxg4 Kxb6 1/2-1/2

[Event "GCT 2025 - Superbet Chess Classic"]
[Site "Bucarest"]
[Date "16.05.2025"]
[Round "9"]
[White "Gukesh, Dommaraju"]
[Black "Caruana, Fabiano"]
[Result "1/2-1/2"]
[WhiteTitle "GM"]
[BlackTitle "GM"]
[WhiteElo "2787"]
[BlackElo "2776"]
[WhiteFideId "46616543"]
[BlackFideId "2020009"]
[EventDate "2025.05.07"]

1. Nf3 Nf6 2. g3 d5 3. Bg2 e6 4. O-O Be7 5. d4 O-O 6. Ne5 c5 7. dxc5 Nbd7 8. Bf4
Nxe5 9. Bxe5 Nd7 10. Bc3 Bxc5 11. e4 dxe4 12. Bxe4 Nf6 13. Bf3 Qe7 14. Qe2 Re8
15. Re1 Nd5 16. Bd2 Nb4 17. Bc1 a5 18. c3 Nd5 19. Nd2 b6 20. Ne4 Ba6 21. Qc2
Rac8 22. Nxc5 Qxc5 23. Be3 Nxe3 24. Rxe3 Red8 25. Rd1 g6 26. b3 Rxd1+ 27. Qxd1
Qc7 28. c4 b5 29. cxb5 Bxb5 30. h4 h5 31. Kg2 Rd8 32. Qe1 Bc6 33. Qe2 Bd5 34.
Rd3 a4 35. Bxd5 exd5 36. bxa4 d4 37. Qf3 Qc4 38. a5 Qa6 39. Qd1 Qxa5 40. Rxd4
Rxd4 41. Qxd4 Qxa2 42. Qd8+ Kg7 43. Qd4+ Kg8 44. Qd8+ Kg7 45. Qd4+ Kg8 1/2-1/2

[Event "GCT 2025 - Superbet Chess Classic"]
[Site "Bucarest"]
[Date "16.05.2025"]
[Round "9"]
[White "Vachier-Lagrave, Maxime"]
[Black "Duda, Jan-Krzysztof"]
[Result "1-0"]
[WhiteTitle "GM"]
[BlackTitle "GM"]
[WhiteElo "2723"]
[BlackElo "2739"]
[WhiteFideId "623539"]
[BlackFideId "1170546"]
[EventDate "2025.05.07"]

1. e4 e5 2. Nf3 Nc6 3. Bb5 a6 4. Ba4 Nf6 5. O-O b5 6. Bb3 Bc5 7. c3 d6 8. d4 Bb6
9. a4 Rb8 10. a5 Ba7 11. h3 Bb7 12. Re1 O-O 13. Be3 exd4 14. cxd4 Nb4 15. Nc3
Bxe4 16. Nxe4 Nxe4 17. Rc1 Rc8 18. Bc2 d5 19. Bb1 Qd6 20. g3 Nc6 21. Bf4 Qf6 22.
Bxe4 dxe4 23. Rxe4 Qf5 24. Ne5 Nxe5 25. Rxe5 Qxh3 26. Re7 h6 27. d5 g5 28. Be5
Rce8 29. d6 cxd6 30. Rxa7 dxe5 31. Rxa6 e4 32. Qf1 Qg4 33. Rxh6 e3 34. Qd3 Re4
35. Kg2 exf2 36. Rch1 f1=Q+ 37. Kxf1 Qf5+ 38. Kg2 Qe5 39. Rh8+ Kg7 40. Rxf8
Qxb2+ 41. Kf3 Rd4 42. Rxf7+ Kxf7 43. Qf5+ Ke7 44. Qe5+ 1-0